000 00740nam a2200205Ia 4500
999 _c65210
_d65210
005 20240530110812.0
008 140319s2001 au a b 000 0 ara d
017 _bمصر . دار الكتب
040 _aGCL /
_cGCL
082 0 4 _221
_a782.421599 /
_bم أ
100 0 _aمصطفى عبدالغنى
245 1 2 _aالاتجاه القومى فى الاغنية الوطنية العربية /
_cمصطفى عبدالغنى
250 _aط.1
260 _aعمان :
_bدار العالم العربى،
_c2008 .
300 _a168 ص. :
_bايض. ؛
_c20 سم.
650 0 7 _aالاغانى الوطنية
_2qrmak
_zالعالم العربى
651 _2qrmak
942 _2ddc
_cBK